| 000 -LEADER | |
|---|---|
| fixed length control field | 00386nam a22001577a 4500 |
| 005 - DATE AND TIME OF LATEST TRANSACTION | |
| control field | 20160905174211.0 |
| 008 - FIXED-LENGTH DATA ELEMENTS--GENERAL INFORMATION | |
| fixed length control field | 160905b xxu||||| |||| 00| 0 eng d |
| 020 ## - INTERNATIONAL STANDARD BOOK NUMBER | |
| ISBN | 978-81-203-4096-1 |
| 041 ## - LANGUAGE CODE | |
| Language code of text/sound track or separate title | eng |
| 100 ## - MAIN ENTRY--AUTHOR NAME | |
| Personal name | RAVICHANDRA,N.G |
| 245 ## - TITLE STATEMENT | |
| Title | METHODS AND TECHNIQUES IN PLANT NEMATOLOGY |
| 260 ## - PUBLICATION, DISTRIBUTION, ETC. (IMPRINT) | |
| Name of publisher | PHI |
| Year of publication | 2015 |
| 300 ## - PHYSICAL DESCRIPTION | |
| Number of Pages | 571 |
| 650 ## - SUBJECT ADDED ENTRY--TOPICAL TERM | |
| Topical Term | AGRICULTURAL |
| 942 ## - ADDED ENTRY ELEMENTS (KOHA) | |
| Koha item type | Books |
| Lost status | Damaged status | Collection code | Home library | Current library | Shelving location | Date acquired | Source of acquisition | Cost, normal purchase price | Full call number | Accession Number | Koha item type |
|---|---|---|---|---|---|---|---|---|---|---|---|
| Reference | JRU Library | JRU Library | SHELF-2-D | 05/09/2016 | PURCHASE | 495.00 | 632.625 | 21149 | Books | ||
| AGRICULTURE | JRU Library | JRU Library | SHELF-44-A | 05/09/2016 | PURCHASE | 495.00 | 632.625 | 21150 | Books | ||
| AGRICULTURE | JRU Library | JRU Library | SHELF-44-A | 05/09/2016 | PURCHASE | 495.00 | 632.625 | 21151 | Books | ||
| AGRICULTURE | JRU Library | JRU Library | SHELF-44-A | 05/09/2016 | PURCHASE | 495.00 | 632.625 | 21152 | Books | ||
| AGRICULTURE | JRU Library | JRU Library | SHELF-44-A | 05/09/2016 | PURCHASE | 495.00 | 632.625 | 21153 | Books |